00293nam a2200121Ia 4500008004100000100001600041245003300057260003400090300000900124650001400133942000700147999001700154190216s9999||||xx |||||||||||||| ||und|| aNarayanan C 0aIndian Sambathika Charithram bKerala Bhasha Institutec1974 a620p aEconomics cBK c39031d39031